Diviacke noviny informačný občasník obce Diviaky nad Nitricou

Bibliographic Details
Other Authors: Paulďurová, Gabriela (Compiler)
Format: Journal
Language:Slovak
PhysicalDescription:zv. 30 cm
Published: Diviaky nad Nitricou Obecný úrad 2008-
Subjects:
Online Access:http://www.diviaky.sk/obec-2/diviacke-noviny/?page=1

MARC

LEADER 00000cas a2200000 a 4500
001 vtls009512677
003 SK-MaSNL
005 20260228160320.0
008 191007c20089999xo r|p 0 b0slo
040 |a SNK  |b slo  |c SNK  |e AACR2 
041 0 |a slo 
043 |a e-xo--- 
044 |a xo  |c SK 
072 7 |a 352/354  |x Stupne miestnej, oblastnej a ústrednej správy  |2 konspekt 
072 7 |a 316.7  |x Sociológia kultúry. Kultúrny život  |2 konspekt 
072 7 |a 394  |x Verejný a spoločenský život. Každodenný život  |2 konspekt 
080 |a 353.9  |2 2011 
080 |a 316.728  |2 2011 
080 |a 394  |2 2011 
080 |a 050  |2 2011 
080 |a (437.613)  |2 2011 
080 |a (051)+(054)  |2 2011 
210 0 |a Diviacke nov. 
222 0 |a Diviacke noviny 
245 0 0 |a Diviacke noviny  |b informačný občasník obce Diviaky nad Nitricou 
260 |a Diviaky nad Nitricou  |b Obecný úrad  |c 2008- 
300 |a zv.  |c 30 cm 
310 |a Občasník 
362 0 |a Č. 1 (2008)- 
500 |a Registračné č.: RP 387/2008 ; EV 2648/08 
500 |a Zostavila: 2008- , Gabriela Paulďurová 
650 0 7 |a územná samospráva  |2 SNKPH  |9 802 
650 0 7 |a každodenný život  |2 SNKPH  |9 4946 
651 7 |a Diviaky nad Nitricou (Slovensko)  |2 SNKPHgeo  |9 109030 
655 7 |a miestne periodiká  |2 SNKPH  |9 160938 
700 1 |a Paulďurová, Gabriela  |4 com  |9 266391 
856 4 1 |u http://www.diviaky.sk/obec-2/diviacke-noviny/?page=1 
910 |a snk 
999 |c 2134  |d 4064 
952 |0 0  |1 0  |4 0  |7 0  |8 0  |a SNK  |b SNK  |d 2019-10-07  |i snk2019/25147  |l 0  |o snkČSB 7302/2008  |p 17A1383916  |r 2026-02-21 21:59:51  |t č. 1-4  |w 2026-02-21  |y PREZ 
952 |0 0  |1 0  |4 0  |7 0  |8 0  |a SNK  |b SNK  |d 2019-10-07  |i snk2019/25149  |l 0  |o snkČSB 7302/2010  |p 17A1383915  |r 2026-02-21 21:59:51  |t č. 1-4  |w 2026-02-21  |y PREZ 
952 |0 0  |1 0  |4 0  |7 0  |8 0  |a SNK  |b SNK  |d 2019-10-07  |i snk2019/25151  |l 0  |o snkČSB 7302/2011  |p 17A1383914  |r 2026-02-21 21:59:51  |t č. 1-4  |w 2026-02-21  |y PREZ 
952 |0 0  |1 0  |4 0  |7 0  |8 0  |a SNK  |b SNK  |d 2019-10-07  |i snk2019/25152  |l 0  |o snkČSB 7302/5/2012  |p 17A1383913  |r 2026-02-21 21:59:51  |t č. 1-4  |w 2026-02-21  |y PREZ 
952 |0 0  |1 0  |4 0  |7 0  |8 0  |a SNK  |b SNK  |d 2019-10-07  |i snk2019/25154  |l 0  |o snkČSB 7302/6/2013  |p 17A1383912  |r 2026-02-21 21:59:51  |t č. 1-4  |w 2026-02-21  |y PREZ 
952 |0 0  |1 0  |4 0  |7 0  |8 0  |a SNK  |b SNK  |d 2019-10-07  |i snk2019/25155  |l 0  |o snkČSB 7302/7/2014  |p 17A1383911  |r 2026-02-21 21:59:51  |t č. 1-3  |w 2026-02-21  |y PREZ 
952 |0 0  |1 0  |4 0  |7 0  |8 0  |a SNK  |b SNK  |d 2019-10-07  |i snk2019/25157  |l 0  |o snkČSB 7302/8/2015  |p 17A1383910  |r 2026-02-21 21:59:51  |t č. 1-4  |w 2026-02-21  |y PREZ 
952 |0 0  |1 0  |4 0  |7 0  |8 0  |a SNK  |b SNK  |d 2019-10-07  |i snk2019/25158  |l 0  |o snkČSB 7302/9/2016  |p 17A1383909  |r 2026-02-21 21:59:51  |t č. 1-4  |w 2026-02-21  |y PREZ 
952 |0 0  |1 0  |4 0  |7 0  |8 0  |a SNK  |b SNK  |d 2019-10-07  |i snk2019/25159  |l 0  |o snkČSB 7302/10/2017  |p 17A1383908  |r 2026-02-21 21:59:51  |t č. 1-3  |w 2026-02-21  |y PREZ 
952 |0 0  |1 0  |4 0  |7 0  |8 0  |a SNK  |b SNK  |d 2019-10-07  |i snk2019/25161  |l 0  |o snkČSB 7302/11/2018  |p 17A1383907  |r 2026-02-21 21:59:51  |t č. 1-2  |w 2026-02-21  |y PREZ